Fundamentals of ground water
Αποθηκεύτηκε σε:
| Κύριος συγγραφέας: | |
|---|---|
| Άλλοι συγγραφείς: | |
| Μορφή: | Βιβλίο |
| Γλώσσα: | English |
| Δημοσίευση: |
New York :
Wiley,
c2003
|
| Θέματα: | |
| Ετικέτες: |
Προσθήκη ετικέτας
Δεν υπάρχουν, Καταχωρήστε ετικέτα πρώτοι!
|
MARC
| LEADER | 00000nam a2200000 i 4500 | ||
|---|---|---|---|
| 001 | 1/75936 | ||
| 008 | 050509s2003 eng d | ||
| 020 | |a 978-0-471-13785-6 | ||
| 020 | |a 0-471-13785-5 | ||
| 035 | |l 10077841 | ||
| 040 | |a GR-MY-UA |b gre |e aacr | ||
| 041 | 0 | |a eng | |
| 082 | 0 | |a 551.49 |2 (21) | |
| 100 | 1 | |a Schwartz, F. W. |q (Franklin W.) | |
| 245 | 1 | 0 | |a Fundamentals of ground water / |c Franklin W. Schwartz, Hubao Zhang |
| 260 | |a New York : |b Wiley, |c c2003 | ||
| 300 | |a vii, 583 σ.; |b εικ., χαρτ.; |c 26 εκ. | ||
| 504 | |a Περιέχει βιβλιογραφία | ||
| 650 | 0 | 0 | |a Groundwater. |
| 700 | 1 | |a Zhang, Hubao. | |
| 852 | |a INST |b LESVOS |e 20050509 |h 551.49 SCH |p 005100027580 |q 005100027580 |t BK |y 0 | ||
| 852 | |a INST |b LESVOS |e 20080509 |h 551.49 SCH |p 005100038574 |q 005100038574 |t BK |y 0 | ||
| 901 | |a BIBL1-2005-2 | ||
| 901 | |a BIBL1-2008-2 | ||
| 909 | |a Λ |b 116427 | ||
| 909 | |a Λ |b 143058 | ||
| 922 | |a 1ΕΛΗ |b 200411 |c ΕΠΕΑΕΚ2/ΤΠ |d ΜΙΧΑΛΟΠΟΥΛΟΣ | ||
| 922 | |a 1ΕΛΗ |b 200712 |c ΕΠΕΑΕΚ2/ΤΠ |d ΠΑΠΑΣΩΤΗΡΙΟΥ | ||
| 950 | |a 107-2004-10-08 | ||
| 970 | |a ΚΑΡΑ |b ΓΙΑΣΕΜΗ |z 2005/05/24 | ||